[Event "Kings Island"]
[Site "?"]
[Date "2006.11.12"]
[Round "4"]
[White "Cole John"]
[Black "Izoria Zviad"]
[Result "1/2-1/2"]
[WhiteElo "2320"]
[BlackElo "2692"]
[PlyCount "182"]
[EventDate "2006.??.??"]
[Source "www.chesslib.no"]
[SourceDate "2004.05.04"]

1. e4 c5 2. Nf3 e6 3. c3 d5 4. e5 Nc6 5. d4 Bd7 6. Be3 Qb6 7. Qd2 Rc8 8. dxc5 Bxc5 9. Bxc5 Qxc5 10. b4 Qe7 11. Bd3 f6 12. exf6 Qxf6 13. b5 Ne5 14. Nxe5 Qxe5+ 15. Qe2 Qxe2+ 16. Bxe2 Nf6 17. O-O Rc5 18. a4 Ke7 19. f3 Rhc8 20. Re1 Ne8 21. Bd3 h6 22. Ra2 Nd6 23. Rae2 Kf6 24. g4 g5 25. h4 Nf7 26. hxg5+ hxg5 27. Rh2 Rh8 28. Rxh8 Nxh8 29. Rc1 Nf7 30. Nd2 Ne5 31. Be2 Ng6 32. c4 Nf4 33. Bf1 Rc8 34. c5 e5 35. Nb3 Ne6 36. Bd3 Nf4 37. Bf1 Rh8 38. a5 e4 39. c6 bxc6 40. bxc6 Bc8 41. fxe4 dxe4 42. Re1 Re8 43. Kf2 Bxg4 44. Nc5 Bf5 45. Ba6 Re5 46. Nxe4+ Bxe4 47. Rxe4 Rxe4 48. c7 Re8 49. c8=Q Rxc8 50. Bxc8 Ke5 51. Kf3 Nd5 52. Kg4 Kf6 53. Bb7 Ne7 54. Be4 Nc8 55. Bc2 Nd6 56. Bd3 Nf7 57. Be4 Ne5+ 58. Kg3 Ke6 59. Bg2 Kd6 60. Bf1 Kc5 61. Be2 Kb4 62. a6 Ka5 63. Bf1 Kb6 64. Be2 Kc5 65. Bf1 Kd4 66. Bg2 Nc4 67. Bf1 Ne3 68. Be2 Ke4 69. Bb5 Ke5 70. Be2 Nf5+ 71. Kg4 Nd4 72. Bc4 Kf6 73. Bd3 Nc6 74. Be2 Ne5+ 75. Kg3 Ke7 76. Bf1 Kd6 77. Be2 Kc5 78. Bf1 Kb4 79. Be2 Ka5 80. Bf1 Nc6 81. Kg4 Nb4 82. Kxg5 Nxa6 83. Bxa6 Kxa6 84. Kf4 Kb5 85. Ke3 Kb4 86. Kd2 Kb3 87. Kc1 a5 88. Kb1 a4 89. Ka1 a3 90. Kb1 a2+ 91. Ka1 Ka3 1/2-1/2

[Event "Manila (ol)"]
[Site "?"]
[Date "1992.??.??"]
[Round "?"]
[White "Torre, E."]
[Black "Motwani, P."]
[Result "1/2-1/2"]
[WhiteElo "2555"]
[BlackElo "2455"]
[PlyCount "122"]
[EventDate "1992.??.??"]
[Source "ChessBase"]
[SourceDate "1992.06.01"]

1. e4 c5 2. Nf3 e6 3. c3 d5 4. e5 Nc6 5. d4 Bd7 6. Be2 Nge7 7. O-O Ng6 8. g3 Be7 9. h4 cxd4 10. cxd4 O-O 11. Nc3 f6 12. exf6 Bxf6 13. Be3 Nge7 14. Bd3 Be8 15. Ng5 Bxg5 16. Bxg5 h6 17. Bxe7 Qxe7 18. Bb5 Qb4 19. Bxc6 Bxc6 20. Qd2 e5 21. Rad1 Rae8 22. dxe5 Rxe5 23. Qd4 Qe7 24. Qxa7 d4 25. Qxd4 Qe6 26. Kh2 g5 27. Qd6 Qf5 28. f4 Re3 29. g4 Qh7 30. Rd2 Qg7 31. h5 Rfe8 32. Rdf2 R3e6 33. Qd2 Re3 34. Qd6 R3e6 35. Qc5 Re3 36. Qc4+ Kh8 37. Qc5 Kg8 38. Qf5 Rf8 39. Qg6 Qxg6 40. hxg6 gxf4 41. Rxf4 Rxf4 42. Rxf4 Kg7 43. Rb4 Kxg6 44. Nb5 Kg5 45. Nd6 Re2+ 46. Kg3 Re3+ 47. Kf2 Rf3+ 48. Ke1 Rf4 49. Rxf4 Kxf4 50. Nf7 Bd5 51. Nxh6 Bxa2 52. Kd2 Be6 53. Kc3 Kg5 54. Nf5 Bxf5 55. gxf5 Kxf5 56. Kd4 Ke6 57. Kc5 Kd7 58. Kb6 Kc8 59. b3 Kb8 60. b4 Kc8 61. Ka7 b5 1/2-1/2

[Event "IX Open"]
[Site "Dubai EAU"]
[Date "2007.04.29"]
[Round "8"]
[White "Bakre, T."]
[Black "Petrosian, TL."]
[Result "1/2-1/2"]
[WhiteElo "2426"]
[BlackElo "2580"]
[PlyCount "93"]
[EventDate "2007.04.22"]
[Source "www.chesslib.no"]
[SourceDate "2004.05.04"]

1. e4 c5 2. Nf3 Nc6 3. c3 e6 4. d4 d5 5. e5 Qb6 6. Be2 Nh6 7. Bxh6 gxh6 8. Qd2 Bg7 9. O-O O-O 10. Na3 cxd4 11. cxd4 f6 12. exf6 Rxf6 13. Nc2 Bd7 14. b4 Be8 15. b5 Ne7 16. Ne5 Ng6 17. Ng4 Rf8 18. g3 h5 19. Nge3 Ne7 20. a4 Rc8 21. Rad1 Qc7 22. Qb4 Bg6 23. Ne1 a5 24. Qa3 Nf5 25. Nxf5 Bxf5 26. Ng2 Qc3 27. Qxc3 Rxc3 28. Bxh5 Ra3 29. Ne3 Bh3 30. Ra1 Rxa1 31. Rxa1 Bxd4 32. Rc1 b6 33. Be2 Bc5 34. Bf1 Bxf1 35. Rxf1 Kg7 36. Kg2 Bxe3 37. fxe3 Rc8 38. Rd1 Kf6 39. Kf3 Rc5 40. Rd4 e5 41. Rh4 Kg6 42. g4 d4 43. exd4 exd4 44. g5 Rd5 45. Ke4 Rxg5 46. Kxd4 h5 47. Ke4 1/2-1/2

[Event "Polanica Zdroj"]
[Site "?"]
[Date "1987.??.??"]
[Round "?"]
[White "Popchev, M."]
[Black "Dolmatov, S."]
[Result "0-1"]
[WhiteElo "2460"]
[BlackElo "2540"]
[PlyCount "64"]
[EventDate "1987.??.??"]
[Source "ChessBase"]
[SourceDate "1987.07.01"]

1. Nf3 c5 2. e4 e6 3. c3 d5 4. e5 Nc6 5. d4 Bd7 6. a3 f6 7. b4 fxe5 8. dxc5 e4 9. Nd4 Nf6 10. Bf4 Be7 11. Bb5 O-O 12. Bxc6 bxc6 13. O-O Ne8 14. Bg3 Bf6 15. Nd2 e5 16. N4b3 Nc7 17. c4 Ne6 18. Na5 Kh8 19. Rc1 Nf4 20. cxd5 cxd5 21. c6 Bf5 22. Ndb3 Qe8 23. c7 Qg6 24. Qd2 Bg5 25. Qd1 Rac8 26. Nc6 Rxc7 27. Nxe5 Qd6 28. Rxc7 Qxc7 29. Ng4 Bxg4 30. Qxg4 Qc4 31. Bxf4 Bxf4 32. Na5 Bxh2+ 0-1

[Event "Tch (Men) 2005/2006 FRA"]
[Site "?"]
[Date "2006.04.01"]
[Round "6"]
[White "Degraeve Jean Marc"]
[Black "Collas Didier"]
[Result "1/2-1/2"]
[WhiteElo "2553"]
[BlackElo "2443"]
[PlyCount "25"]
[EventDate "2006.??.??"]
[Source "www.chesslib.no"]
[SourceDate "2004.05.04"]

1. e4 c5 2. Nf3 e6 3. c3 d5 4. e5 Nc6 5. d4 Bd7 6. Be2 f6 7. O-O fxe5 8. Nxe5 Nxe5 9. dxe5 Qc7 10. Re1 O-O-O 11. Bg4 Kb8 12. Bh3 h6 13. Nd2 1/2-1/2

[Event "6th ch-Asia"]
[Site "Cebu City PHI"]
[Date "2007.09.19"]
[Round "1"]
[White "Sandipan, C."]
[Black "Nouri, H."]
[Result "1-0"]
[WhiteElo "2563"]
[BlackElo "2426"]
[PlyCount "59"]
[EventDate "2007.09.19"]
[Source "www.chesslib.no"]
[SourceDate "2004.05.04"]

1. e4 e6 2. d4 d5 3. e5 Be7 4. c3 c5 5. Nf3 Nc6 6. Bd3 Bd7 7. O-O cxd4 8. cxd4 Qb6 9. Nc3 Nxd4 10. Nxd4 Qxd4 11. Re1 a6 12. Qf3 Nh6 13. h3 Bc6 14. Bxh6 gxh6 15. Rad1 Qb4 16. Re2 Qh4 17. Ne4 dxe4 18. Bxe4 Rc8 19. Rc1 Bxe4 20. Rxc8+ Kd7 21. Rxe4 Qxe4 22. Qxe4 Kxc8 23. Qf4 Rf8 24. Qxh6 f6 25. Qxh7 Kd7 26. exf6 Rxf6 27. g4 Ke8 28. g5 Rf7 29. Qg8+ Bf8 30. g6 1-0

[Event "06.OIBayEM Bad Wiessee op"]
[Site "?"]
[Date "2002.10.29"]
[Round "4"]
[White "Pirrot Dieter"]
[Black "Efimenko Zahar"]
[Result "1/2-1/2"]
[WhiteElo "2421"]
[BlackElo "2567"]
[PlyCount "46"]
[EventDate "2002.??.??"]
[Source "www.chesslib.no"]
[SourceDate "2004.05.04"]

1. e4 e6 2. d4 d5 3. e5 Ne7 4. Nf3 b6 5. b4 c5 6. c3 Qd7 7. a4 Nbc6 8. a5 cxb4 9. axb6 a5 10. cxb4 Nxb4 11. Nc3 Ba6 12. Rxa5 Nec6 13. Ra1 Qb7 14. Bxa6 Qxb6 15. O-O Rxa6 16. Rb1 Be7 17. Bg5 Bxg5 18. Nxg5 h6 19. Nf3 O-O 20. Qd2 Ra3 21. Na2 Ra4 22. Nc3 Ra3 23. Na2 Ra4 1/2-1/2

[Event "Olimpiadi 2008 - open"]
[Site "Dresda GER"]
[Date "2008.11.13"]
[Round "1"]
[White "Stevic, H."]
[Black "Sequera Paolini, J."]
[Result "1-0"]
[WhiteElo "2588"]
[BlackElo "2398"]
[PlyCount "75"]
[EventDate "2008.11.13"]
[Source "www.chesslib.no"]
[SourceDate "2004.05.04"]

1. e4 e6 2. d4 d5 3. e5 b6 4. Bb5+ c6 5. Ba4 b5 6. Bb3 a5 7. c3 Ba6 8. Ne2 c5 9. O-O Nc6 10. Nd2 a4 11. Bc2 a3 12. bxa3 c4 13. f4 Nh6 14. Nf3 Qa5 15. h3 Bxa3 16. g4 Bc8 17. Nh4 Be7 18. Ng2 b4 19. f5 b3 20. f6 bxc2 21. fxg7 Rg8 22. Qxc2 Nf5 23. gxf5 exf5 24. Bh6 Ra6 25. Qd2 Nd8 26. Kh2 Qb6 27. Bg5 Bxg5 28. Qxg5 Ne6 29. Qxf5 Rxg7 30. Ngf4 Qb2 31. Rab1 Qd2 32. Rb8 Kd7 33. Rf2 Kc7 34. Rb1 Nxf4 35. Qxf4 Rxa2 36. Qf6 Rg6 37. Qxf7+ Bd7 38. e6 1-0

[Event "SVK-chT 9798"]
[Site "?"]
[Date "1997.??.??"]
[Round "4"]
[White "Kalod Radek"]
[Black "Movsesian Sergei"]
[Result "0-1"]
[WhiteElo "2430"]
[BlackElo "2555"]
[PlyCount "102"]
[EventDate "1997.??.??"]
[Source "www.chesslib.no"]
[SourceDate "2004.05.04"]

1. e4 c5 2. Nf3 Nc6 3. c3 e6 4. d4 d5 5. e5 Nh6 6. a3 Nf5 7. b4 cxd4 8. cxd4 Qb6 9. Be3 Bd7 10. Bd3 Rc8 11. O-O Be7 12. Qd2 h6 13. Nc3 Nfxd4 14. Nxd4 Nxd4 15. Qb2 Nf3+ 16. gxf3 d4 17. Na4 Bxa4 18. Bxd4 Qd8 19. Be4 O-O 20. Rac1 Rxc1 21. Rxc1 Bg5 22. Be3 Bxe3 23. fxe3 Qg5+ 24. Kf2 Rd8 25. f4 Qh5 26. Kg1 Bc6 27. Bxc6 bxc6 28. Qc2 Kh8 29. Re1 g5 30. Qe2 Qh3 31. Kh1 gxf4 32. exf4 Rg8 33. a4 Qb3 34. b5 Qxa4 35. bxc6 Qxc6+ 36. Qe4 Qc3 37. Re3 Qd2 38. Re2 Qd1+ 39. Re1 Qg4 40. Rf1 a5 41. Qf3 Qf5 42. Qb3 Qg6 43. Qg3 Qxg3 44. hxg3 Rxg3 45. Ra1 Rg4 46. Ra4 Kg7 47. Kh2 Kg6 48. Kh3 h5 49. Rxa5 Rxf4 50. Rb5 Rf5 51. Ra5 f6 0-1

[Event "BL2-O 9798"]
[Site "?"]
[Date "1997.??.??"]
[Round "1.1"]
[White "Gdanski Jacek"]
[Black "Bezold Michael"]
[Result "1/2-1/2"]
[WhiteElo "2485"]
[BlackElo "2500"]
[PlyCount "50"]
[EventDate "1997.??.??"]
[Source "www.chesslib.no"]
[SourceDate "2004.05.04"]

1. e4 c5 2. Nf3 e6 3. c3 d5 4. e5 Nc6 5. d4 Qb6 6. a3 a5 7. Bd3 Bd7 8. O-O cxd4 9. cxd4 Nxd4 10. Nxd4 Qxd4 11. Nc3 Qxe5 12. Re1 Qd6 13. Nb5 Qb8 14. Qf3 Bd6 15. Qxd5 Bxb5 16. Qxb5+ Ke7 17. Bd2 Nf6 18. g3 a4 19. Qg5 Kf8 20. Rac1 h6 21. Qb5 Ke7 22. Rc4 Rd8 23. Ba5 Rd7 24. Rxa4 b6 25. Bc3 Rxa4 1/2-1/2

[Event "Graz"]
[Site "Graz AUT"]
[Date "1979.??.??"]
[Round "13"]
[White "Zaitsev, Igor A"]
[Black "Ree, Hans"]
[Result "1/2-1/2"]
[WhiteElo "2505"]
[BlackElo "2480"]
[PlyCount "34"]
[EventDate "1979.10.??"]
[Source "www.chesslib.no"]
[SourceDate "2004.05.04"]

1. e4 c5 2. Nf3 e6 3. c3 d5 4. e5 Nc6 5. d4 Qb6 6. a3 c4 7. Nbd2 Na5 8. g3 Bd7 9. Bh3 Ne7 10. O-O h6 11. Nh4 Nb3 12. Nxb3 Ba4 13. f4 g6 14. Qf3 Bxb3 15. Rf2 O-O-O 16. Be3 Kb8 17. Raf1 Ba4 1/2-1/2

[Event "Dortmund op-A"]
[Site "Dortmund"]
[Date "1992.??.??"]
[Round "2"]
[White "Moutousis, Konstantinos"]
[Black "Razuvaev, Yuri S"]
[Result "0-1"]
[WhiteElo "2405"]
[BlackElo "2575"]
[PlyCount "66"]
[EventDate "1992.04.??"]
[Source "ChessBase"]

1. e4 c5 2. Nf3 e6 3. c3 d5 4. e5 Nc6 5. d4 Bd7 6. a3 f6 7. Be2 cxd4 8. cxd4 Nh6 9. O-O Nf7 10. Nc3 Be7 11. Bf4 O-O 12. b4 Rc8 13. Rc1 fxe5 14. dxe5 a6 15. Bg3 Nh6 16. Na4 Nf5 17. Nc5 Bxc5 18. Rxc5 a5 19. Qd2 axb4 20. axb4 Qb6 21. Rcc1 Ncd4 22. Nxd4 Qxd4 23. Qxd4 Nxd4 24. Bd3 Bb5 25. Bxb5 Nxb5 26. f3 Nc3 27. Kf2 Rc4 28. Ke3 Ra8 29. Be1 Nb5 30. Rd1 Ra3+ 31. Kf2 Ra2+ 32. Kg3 Nd4 33. h3 Nf5+ 0-1

[Event "URS-FL"]
[Site "Ashkhabad"]
[Date "1978.??.??"]
[Round "10"]
[White "Kupreichik, Viktor D"]
[Black "Jussupow, Artur"]
[Result "1-0"]
[WhiteElo "2530"]
[BlackElo "2450"]
[PlyCount "73"]
[EventDate "1978.10.??"]
[Source "ChessBase"]

1. e4 c5 2. Nf3 e6 3. c3 d5 4. e5 Nc6 5. d4 Qb6 6. Be2 cxd4 7. cxd4 Nge7 8. Na3 Nf5 9. Nc2 Bb4+ 10. Kf1 h5 11. Bd3 Be7 12. b4 Bd7 13. a3 Rc8 14. g3 a5 15. Bd2 axb4 16. axb4 Na7 17. Kg2 h4 18. Re1 Nb5 19. g4 h3+ 20. Kh1 Nh4 21. Nxh4 Rxh4 22. Rg1 Nc3 23. Qf1 Kf8 24. f3 g6 25. Ra3 Nb5 26. Ra5 Rxc2 27. Bxc2 Nxd4 28. Qf2 Qc7 29. Ba4 Bxa4 30. Qxd4 Bb3 31. Be3 Kg7 32. Ra8 Qc2 33. Bd2 Qc4 34. Qxc4 Bxc4 35. Re8 Be2 36. Rg3 Bf8 37. Bg5 1-0

[Event "Bled ol (Men)"]
[Site "?"]
[Date "2002.11.06"]
[Round "11"]
[White "Egorov Evgeni"]
[Black "Haba Petr"]
[Result "1/2-1/2"]
[WhiteElo "2446"]
[BlackElo "2534"]
[PlyCount "119"]
[EventDate "2002.??.??"]
[Source "www.chesslib.no"]
[SourceDate "2004.05.04"]

1. e4 e6 2. d4 d5 3. e5 Ne7 4. Nf3 b6 5. c3 Qd7 6. Na3 a5 7. h4 Ba6 8. h5 h6 9. Nc2 Bxf1 10. Kxf1 a4 11. g4 c5 12. Kg2 Nec6 13. Nfe1 Na6 14. Nd3 cxd4 15. cxd4 Nab4 16. Ndxb4 Nxb4 17. Rh3 Nxc2 18. Qxc2 Bb4 19. Bd2 Rc8 20. Qxc8+ Qxc8 21. Bxb4 Qc4 22. Bd6 f6 23. Rc3 Qxd4 24. Rc8+ Kf7 25. Rc7+ Kg8 26. exf6 Qxg4+ 27. Bg3 gxf6 28. Rac1 e5 29. f3 Qxh5 30. Rb7 Qe8 31. Rcc7 Kf8 32. Rxb6 Kg8 33. Rbb7 Kf8 34. Rb6 Kg8 35. Rbc6 Qh5 36. Re7 Qf5 37. Re8+ Kg7 38. Rc7+ Kg6 39. Rxh8 e4 40. Rg8+ Kh5 41. Rc3 Qe6 42. Rg7 Qb6 43. Bf2 Qxb2 44. Rc5 f5 45. Re7 Qf6 46. Rd7 Qg5+ 47. Kf1 exf3 48. Rdxd5 Qg2+ 49. Ke1 Qh1+ 50. Kd2 Qf1 51. Bd4 Qe2+ 52. Kc3 Qxa2 53. Rxf5+ Kg4 54. Rf6 Qb3+ 55. Kd2 Qb4+ 56. Kd3 Qb1+ 57. Ke3 Qe1+ 58. Kd3 Qb1+ 59. Ke3 Qe1+ 60. Kd3 1/2-1/2

[Event "TCh-BEL 2005-6"]
[Site "?"]
[Date "2005.10.09"]
[Round "1"]
[White "Degraeve Jean-Marc"]
[Black "Lemmers Oscar"]
[Result "1/2-1/2"]
[WhiteElo "2555"]
[BlackElo "2425"]
[PlyCount "132"]
[EventDate "2005.??.??"]
[Source "www.chesslib.no"]
[SourceDate "2004.05.04"]

1. e4 c5 2. Nf3 e6 3. c3 d5 4. e5 Nc6 5. d4 Qb6 6. a3 g6 7. b4 cxd4 8. cxd4 Bg7 9. Nc3 f6 10. Bb5 Nge7 11. exf6 Bxf6 12. O-O O-O 13. Bxc6 Qxc6 14. Ne2 Nf5 15. Bf4 Bd7 16. Ne5 Bxe5 17. Bxe5 Rac8 18. Nf4 Qc2 19. Qg4 Nh6 20. Qh3 Nf7 21. Nxd5 exd5 22. Qxd7 Qc6 23. Qg4 Rfe8 24. Rae1 Qe6 25. Qf3 Rc2 26. h4 h5 27. Re3 Rcc8 28. Rfe1 Qc6 29. Qf4 Nxe5 30. Rxe5 Rxe5 31. Qxe5 Rc7 32. Qe6+ Qxe6 33. Rxe6 Rc1+ 34. Kh2 Kf7 35. Rd6 Ra1 36. Rxd5 Rxa3 37. Rd7+ Ke6 38. Rxb7 Rd3 39. Rg7 Kf6 40. Rxa7 Rxd4 41. b5 Rxh4+ 42. Kg3 Rg4+ 43. Kh3 Rb4 44. Rb7 Rb3+ 45. g3 Rb2 46. Rb8 Kg7 47. Kg2 Rb3 48. b6 Kh7 49. Rb7+ Kh6 50. Kf1 Kg5 51. Ke2 Kg4 52. Rb8 Kh3 53. b7 Kg2 54. Kd2 Rb2+ 55. Kc3 Rb1 56. Kd4 Rb4+ 57. Kc5 Rb2 58. f4 Kxg3 59. f5 gxf5 60. Rg8+ Kf3 61. b8=Q Rxb8 62. Rxb8 h4 63. Rh8 Ke3 64. Rxh4 f4 65. Rh8 f3 66. Re8+ Kd3 1/2-1/2

[Event "RUS-ch KO"]
[Site "Moscow"]
[Date "1999.12.18"]
[Round "2.4"]
[White "Sveshnikov, Evgeny"]
[Black "Akhmetov, Artiom"]
[Result "1-0"]
[WhiteElo "2541"]
[BlackElo "2438"]
[PlyCount "101"]
[EventDate "1999.12.04"]
[Source "ChessBase"]
[SourceDate "2000.04.05"]

1. e4 e6 2. d4 d5 3. e5 Nc6 4. Nf3 b6 5. Bg5 Qd7 6. c3 Bb7 7. Bb5 f5 8. h4 h6 9. Bf4 g6 10. a4 a6 11. Bd3 Qg7 12. Nbd2 Nge7 13. b4 a5 14. b5 Nd8 15. Qc2 Nf7 16. O-O-O Rg8 17. Nf1 Rc8 18. Kb1 c6 19. bxc6 Bxc6 20. Qb3 g5 21. hxg5 hxg5 22. Bc1 Rc7 23. Ng3 Rh8 24. Nh5 Rxh5 25. Rxh5 g4 26. Ng5 Nxg5 27. Bxg5 Ng6 28. Kb2 Qd7 29. Ra1 Qf7 30. Rhh1 Ne7 31. Kc2 Nc8 32. Kd2 Qg6 33. Bf4 Bd7 34. Rh8 Kf7 35. Rah1 Bg7 36. R8h5 Kg8 37. Ke2 Be8 38. R5h4 Qf7 39. Qa3 Qf8 40. Qxf8+ Kxf8 41. Bh6 Bxa4 42. Bxg7+ Rxg7 43. Rh8+ Rg8 44. R1h7 Ne7 45. Rxg8+ Nxg8 46. Rb7 Ne7 47. Rxb6 Ng6 48. g3 Bd7 49. Bb5 Bxb5+ 50. Rxb5 a4 51. Ra5 1-0

[Event "JUG-chT"]
[Site "Herceg Novi"]
[Date "2001.05.??"]
[Round "6"]
[White "Markovic, Ivan"]
[Black "Pavlovic, Milos"]
[Result "1-0"]
[WhiteElo "2482"]
[BlackElo "2496"]
[PlyCount "89"]
[EventDate "2001.05.??"]
[Source "ChessBase"]
[SourceDate "2001.07.03"]

1. e4 c5 2. Nf3 e6 3. c3 d5 4. e5 Nc6 5. d4 Bd7 6. a3 c4 7. Bf4 Nge7 8. h4 Nc8 9. Nbd2 Na5 10. h5 h6 11. g4 Be7 12. Rg1 Nc6 13. g5 hxg5 14. Nxg5 Qb6 15. Rb1 Bxg5 16. Rxg5 N8e7 17. Rxg7 Nf5 18. Rg2 O-O-O 19. Bg5 Rdg8 20. Bf6 Rxg2 21. Bxg2 Rg8 22. Kf1 Ncxd4 23. cxd4 Qxd4 24. Ne4 Qb6 25. Ng5 Bc6 26. Bh3 Nh6 27. Nxf7 c3 28. Nd6+ Kb8 29. bxc3 Qa6+ 30. c4 dxc4 31. Nb5 c3 32. a4 Be4 33. Rc1 Qc6 34. Rxc3 Bg2+ 35. Ke1 Qe4+ 36. Re3 Qb4+ 37. Qd2 Qb1+ 38. Qd1 Qb4+ 39. Nc3 Bc6 40. Qd6+ Qxd6 41. exd6 Ng4 42. Rxe6 Kc8 43. Ne4 Nxf2 44. d7+ Kxd7 45. Re7+ 1-0

[Event "Bor"]
[Site "Bor"]
[Date "1985.??.??"]
[Round "4"]
[White "Marjanovic, Slavoljub"]
[Black "Nikolic, Zivoslav"]
[Result "1/2-1/2"]
[WhiteElo "2505"]
[BlackElo "2470"]
[PlyCount "62"]
[EventDate "1985.??.??"]
[Source "www.chesslib.no"]
[SourceDate "2004.05.04"]

1. e4 e6 2. d4 d5 3. e5 b6 4. c3 Qd7 5. a4 Ba6 6. Bxa6 Nxa6 7. Qd3 Nb8 8. Ne2 c5 9. b3 Nc6 10. Be3 cxd4 11. Bxd4 Nge7 12. f4 Nf5 13. Nd2 Nfxd4 14. Nxd4 Nxd4 15. cxd4 Rc8 16. O-O Bb4 17. Rfc1 O-O 18. Nf1 g6 19. Ng3 Rxc1+ 20. Rxc1 Rc8 21. Rxc8+ Qxc8 22. Ne2 h5 23. g3 Bf8 24. Kf2 Qc7 25. h3 Qe7 26. Kg2 Qa3 27. g4 hxg4 28. hxg4 Qb2 29. f5 gxf5 30. gxf5 exf5 31. Kf2 Bb4 1/2-1/2

[Event "Hoogovens-B"]
[Site "Wijk aan Zee"]
[Date "1991.??.??"]
[Round "10"]
[White "Bosboom, Manuel"]
[Black "Barbero, Gerardo F"]
[Result "0-1"]
[WhiteElo "2480"]
[BlackElo "2495"]
[PlyCount "122"]
[EventDate "1991.01.??"]
[Source "ChessBase"]

1. e4 c5 2. Nf3 Nc6 3. c3 e6 4. d4 d5 5. e5 Qb6 6. a3 Nh6 7. b4 cxd4 8. Bxh6 gxh6 9. cxd4 Bd7 10. Be2 Rc8 11. O-O Bg7 12. Qd2 O-O 13. Ra2 f6 14. b5 Ne7 15. exf6 Rxf6 16. Nc3 Ng6 17. Na4 Qd6 18. Nc5 b6 19. Nxd7 Qxd7 20. g3 Rf7 21. Qe3 Qd6 22. Re1 Kh8 23. Bf1 Qf8 24. Bg2 Qe8 25. a4 Re7 26. Rae2 Rc4 27. Qa3 a6 28. h4 axb5 29. axb5 Bf6 30. Qd6 Nf8 31. Qxb6 Rb4 32. Qd6 Rxb5 33. Qf4 Bg7 34. Ra2 Rb6 35. Ne5 Ng6 36. Nxg6+ hxg6 37. Rd1 Rb4 38. Qe3 e5 39. dxe5 Rxe5 40. Qc1 Rc4 41. Qb1 Rd4 42. Bf1 Rxd1 43. Qxd1 h5 44. Ra6 Re1 45. Qd3 Kh7 46. Rd6 d4 47. Rd5 Kh6 48. Kh2 Re6 49. Qd2+ Kh7 50. Bd3 Kh8 51. Qg5 Rf6 52. f4 Qa8 53. Rc5 Qf3 54. Rc8+ Kh7 55. Bc4 Re6 56. Qb5 Qf2+ 57. Kh3 Qe1 58. Qd5 Re3 59. Qg2 d3 60. Bg8+ Kh6 61. Rc6 d2 0-1

[Event "Club Argentino-Ruibal"]
[Site "?"]
[Date "2008.09.29"]
[Round "1"]
[White "Rodriguez, Andres"]
[Black "Mahia, Gustavo"]
[Result "1-0"]
[WhiteElo "2531"]
[BlackElo "2441"]
[PlyCount "55"]
[EventDate "2008.09.29"]
[Source "www.chesslib.no"]
[SourceDate "2004.05.04"]

1. e4 c5 2. Nf3 e6 3. c3 d5 4. e5 Nc6 5. d4 Qb6 6. Bd3 Bd7 7. dxc5 Bxc5 8. b4 Bxf2+ 9. Ke2 f6 10. Rf1 fxe5 11. Rxf2 e4 12. Be3 Qc7 13. Na3 exf3+ 14. Rxf3 Nf6 15. Qc2 O-O 16. Raf1 Qxh2 17. Bc5 Qxg2+ 18. R1f2 Qg4 19. Ke1 Rfe8 20. Rxf6 gxf6 21. Rg2 Ne5 22. Rxg4+ Nxg4 23. Bxh7+ Kh8 24. Qg6 e5 25. Qh5 Kg7 26. Nb5 b6 27. Nd6 bxc5 28. Qg6+ 1-0

[Event "Saint John op-1"]
[Site "Saint John"]
[Date "1988.??.??"]
[Round "?"]
[White "Ivanovic, Bozidar"]
[Black "Levitt, Jonathan"]
[Result "1-0"]
[WhiteElo "2530"]
[BlackElo "2440"]
[PlyCount "83"]
[EventDate "1988.01.??"]
[Source "ChessBase"]

1. e4 e6 2. d4 d5 3. e5 b6 4. c3 Qd7 5. h4 a5 6. a4 Ba6 7. Bxa6 Nxa6 8. h5 O-O-O 9. Nf3 Kb7 10. Rh3 h6 11. Kf1 Rc8 12. Kg1 Ne7 13. Na3 Nf5 14. Nc2 c5 15. dxc5 Bxc5 16. Bd2 Rhd8 17. g4 Ne7 18. b4 d4 19. bxc5 dxc3 20. Qb1 cxd2 21. Qxb6+ Ka8 22. Qxa6+ Qa7 23. Qxa7+ Kxa7 24. Ne3 Rxc5 25. Rd1 Rc1 26. Kg2 Rxd1 27. Nxd1 Nd5 28. Kf1 Nf4 29. Rg3 Rd5 30. g5 Nxh5 31. Rg1 hxg5 32. Rxg5 g6 33. Rg4 Kb6 34. Ke2 f6 35. exf6 Rf5 36. Nxd2 Rxf6 37. Nc4+ Ka6 38. Nc3 Rf5 39. Ke3 g5 40. Ne4 Nf4 41. Rxg5 Nd5+ 42. Kd4 1-0

[Event "Open internazionale"]
[Site "Liverpool ING"]
[Date "2007.09.03"]
[Round "2.21"]
[White "Quillan, Gary"]
[Black "Ghaem Maghami, Ehsan"]
[Result "0-1"]
[WhiteElo "2359"]
[BlackElo "2610"]
[PlyCount "132"]
[EventDate "2007.09.05"]
[Source "www.chesslib.no"]
[SourceDate "2004.05.04"]

1. e4 c5 2. Nf3 e6 3. c3 d5 4. e5 Bd7 5. d4 Qb6 6. Be2 Bb5 7. c4 Bxc4 8. Bxc4 dxc4 9. d5 exd5 10. Qxd5 Ne7 11. Qe4 Qc6 12. Qxc4 Qa6 13. Nbd2 Qxc4 14. Nxc4 Nd5 15. O-O Nc6 16. Rd1 Rd8 17. Bg5 f6 18. exf6 gxf6 19. Ne3 Nce7 20. Bh4 Rg8 21. Nxd5 Nxd5 22. Kf1 Rg7 23. Re1+ Re7 24. g4 Kf7 25. Rad1 Red7 26. Kg1 Be7 27. g5 Nf4 28. Rxd7 Rxd7 29. Kf1 Rd3 30. Re3 Rd1+ 31. Ne1 f5 32. Bg3 Bxg5 33. h4 Bh6 34. Rf3 Rd4 35. Rb3 b6 36. Ra3 a5 37. Rb3 Rb4 38. Rf3 Ke6 39. a3 Re4 40. Bxf4 Bxf4 41. Rb3 Bc7 42. Nf3 h6 43. Rc3 a4 44. Rc2 Bd6 45. Rc3 b5 46. Rc1 Be7 47. Rc2 c4 48. Rd2 Bf6 49. h5 c3 50. bxc3 Bxc3 51. Rd8 Bb2 52. Rb8 b4 53. axb4 a3 54. Rb6+ Kd5 55. Ra6 Rxb4 56. Ne1 Rc4 57. Ke2 Kc5 58. Nd3+ Kb5 59. Ra8 Rc6 60. Kd2 Bc3+ 61. Kc2 Bd4+ 62. Kd2 Bc3+ 63. Kc2 Ba5+ 64. Kb1 Rc3 65. Ne5 Ka4 66. Rb8 Rb3+ 0-1

[Event "Ch (Men) Visakhapatnam IND"]
[Site "?"]
[Date "2006.04.13"]
[Round "15"]
[White "Sandipan Chanda"]
[Black "Ravi Lanka"]
[Result "1-0"]
[WhiteElo "2546"]
[BlackElo "2423"]
[PlyCount "89"]
[EventDate "2006.??.??"]
[Source "www.chesslib.no"]
[SourceDate "2004.05.04"]

1. e4 e6 2. d4 d5 3. e5 b6 4. c3 Qd7 5. Nf3 Ne7 6. Bd3 Ba6 7. Bxa6 Nxa6 8. Qd3 Nb8 9. O-O Nbc6 10. Ng5 h6 11. Nh7 Ng6 12. Nxf8 Rxf8 13. a4 f5 14. Be3 Kf7 15. f4 Kg8 16. Nd2 a5 17. b3 Nce7 18. h3 Rfc8 19. Kh2 Nf8 20. Rad1 Ra7 21. Qe2 Qe8 22. Rg1 c5 23. c4 Qc6 24. Rc1 Rd7 25. cxd5 exd5 26. dxc5 d4 27. cxb6 Qxc1 28. Rxc1 Rxc1 29. e6 Nxe6 30. Nc4 d3 31. Qf3 Rb1 32. Nd2 Re1 33. b7 Rd8 34. Ba7 Re2 35. Nc4 Nxf4 36. Qxf4 Nc6 37. Be3 Rf8 38. Qd6 Nb8 39. Qxd3 Ra2 40. Qd5+ Kh8 41. Qd6 Kg8 42. Ba7 f4 43. Bxb8 f3 44. Qxf8+ Kxf8 45. Bd6+ 1-0

[Event "Christmas Open"]
[Site "Zadar"]
[Date "2003.12.16"]
[Round "3"]
[White "Kovacevic, Blazimir"]
[Black "Sedlak, Nikola"]
[Result "1/2-1/2"]
[WhiteElo "2424"]
[BlackElo "2543"]
[PlyCount "52"]
[EventDate "2003.12.15"]
[Source "Roberto Alvarez"]
[SourceDate "2003.12.22"]

1. d4 e6 2. e4 d5 3. e5 Ne7 4. Nf3 b6 5. Be3 Qd7 6. c4 Ba6 7. cxd5 Nxd5 8. Bxa6 Nxa6 9. O-O Be7 10. Nc3 O-O 11. Bg5 Nxc3 12. bxc3 c5 13. Qe2 Nc7 14. Rfd1 Bxg5 15. Nxg5 Qe7 16. Qh5 h6 17. Ne4 cxd4 18. Rxd4 Nd5 19. c4 Nf4 20. Qg4 Ng6 21. Qg3 Rfd8 22. Nd6 Qg5 23. f4 Qxg3 24. hxg3 f6 25. exf6 gxf6 26. Rdd1 Nf8 1/2-1/2

[Event "JUG Team Ch"]
[Site "Cetinje"]
[Date "1993.??.??"]
[Round "1"]
[White "Martinovic, Slobodan"]
[Black "Vukic, Milan"]
[Result "0-1"]
[WhiteElo "2465"]
[BlackElo "2500"]
[PlyCount "94"]
[EventDate "1993.??.??"]
[Source "www.chesslib.no"]
[SourceDate "2004.05.04"]

1. e4 c5 2. Nf3 e6 3. c3 d5 4. e5 Nc6 5. d4 Qb6 6. Be2 cxd4 7. cxd4 Nge7 8. Na3 Nf5 9. Nc2 Bb4+ 10. Kf1 h5 11. h4 Be7 12. Bd3 Bd7 13. Bxf5 exf5 14. g3 Rc8 15. Kg2 Rc7 16. b3 Be6 17. Bg5 Kd7 18. Qd2 Rhc8 19. Bxe7 Nxe7 20. Nb4 Qa5 21. a3 b6 22. Qg5 g6 23. Nd3 Rc3 24. Nf4 Rxb3 25. Qf6 Rxf3 26. Kxf3 Qc3+ 27. Kg2 Qxd4 28. Rhd1 Qe4+ 29. Kg1 Rc2 30. Rac1 Qf3 31. Rf1 Rxc1 32. Rxc1 Qxa3 33. Rc2 a5 34. Qh8 Qa1+ 35. Kh2 Qd1 36. Re2 Qc1 37. Qa8 Nc8 38. Nxd5 Qc6 39. Nf6+ Kc7 40. Ne8+ Qxe8 41. Rc2+ Kd8 42. Qb7 Qd7 43. Qb8 Ke8 44. Rc7 Qd8 45. Rc6 f4 46. Rc3 fxg3+ 47. Kxg3 Ne7 0-1